banner koha

Uma suposta praga do cafeeiro [bicho mineiro; perileucoptera coffeella] (Registro n. 261947)

MARC details
000 -LÍDER
campo de controle de tamanho fixo 00942nac a22002537a 4500
001 - NÚMERO DE CONTROLE
campo de controle BR6005031
003 - IDENTIFICADOR DO NÚMERO DE CONTROLE
campo de controle BR-BrBNA
005 - DATA E HORÁRIO DA ÚLTIMA TRANSAÇÃO
campo de controle 20240105113118.0
008 - CAMPO DE DADOS FIXOS--INFORMAÇÃO GERAL
campo de controle de tamanho fixo 230509b bl.|||m| |||| 00| 0 por d
040 ## - FONTE DA CATALOGAÇÃO
Instituição da catalogação original BR-BrBNA
Idioma da catalogação por
Instituição que transcreveu o registro Biblioteca Nacional de Agricultura
072 ## - CÓDIGO DE CATEGORIA DE ASSUNTO
Código de Categoria de Assunto H10
090 ## - NÚMERO DE CHAMADA LOCAL
Número de chamada 2120 BR6005031
100 1# - ENTRADA PRINCIPAL--NOME PESSOAL
Nome pessoal Fonseca, J.P. da
110 1# - ENTRADA PRINCIPAL--NOME CORPORATIVO
Nome corporativo ou nome da jurisdição Secretaria da Agricultura do Estado de Sao Paulo, Sao Paulo (Brasil). Diretoria de Publicidade Agricola
245 1# - TÍTULO
Título Uma suposta praga do cafeeiro [bicho mineiro; perileucoptera coffeella]
260 3# - PUBLICAÇÃO, DISTRIBUIÇÃO, ETC.
Local de publicação, distribuição, etc. Sao Paulo, SP (Brasil):
Data da publicação, distribuição, etc. 1951.
300 ## - DESCRIÇÃO FÍSICA
Extensão 10 p.
490 ## - TÍTULO DA SÉRIE
Título da série Publicacao - Secretaria da Agricultura do Estado de Sao Paulo. Diretoria de Publicidade Agricola (Brazil)
Número do volume ou designação sequencial da série no. 826
ISSN - International Standard Serial Number
500 ## - NOTA GERAL
Nota geral Reprint of "Boletim de Agricultura" Single no. 1949
650 ## - ASSUNTO--TERMO TÓPICO
Cabeçalho tópico ou nome geográfico CAFE
650 ## - ASSUNTO--TERMO TÓPICO
Cabeçalho tópico ou nome geográfico BICHO MINEIRO
909 ## -
-- 202312
-- Lúcia Elande
-- 55
-- Lúcia Elande
942 ## - ELEMENTOS DE ENTRADA ADICIONADOS (KOHA)
Fonte da classificação ou esquema de arquivamento na estante Classificação AGRIS
Ocultar no OPAC Não
Tipo de material Koha Monografia Seriada
Exemplares
Situação do descarte Fonte da classificação ou esquema de arquivamento na estante Situação física Não pode ser emprestado Coleção Biblioteca de origem Biblioteca atual Localização na estante Total de empréstimos Número de telefone completo Código de barras Data de último acesso Tipo de material Koha Fonte de aquisição
  Classificação AGRIS       Biblioteca Nacional de Agricultura - Binagri Biblioteca Nacional de Agricultura - Binagri Agrobase - Acervo Geral   2120 BR6005031 2120 BR6005031 18/12/2023 Monografia Seriada Portaria Interministerial nº 164/94

BINAGRI

Telefone: (61)3218-2567/2388/3357/2097 - binagri@agro.gov.br

Ministério da Agricultura e Pecuária , Esplanada dos Ministérios, Bloco D, Anexo B, Brasília/DF, CEP: 70.043-900